000 00788nam a2200193 a 4500
001 000039226
005 20201002031543.0
008 130611s2004 sp 000 0 spa d
020 _a8400082451
040 _aDO-SdBNP
_bspa
_cBNPHU
100 1 _aBaucells i Reig, Josep.
_965434
245 1 0 _aVivir en la Edad Media :
_bBarcelona y su entorno en los siglos XIII y XIV (1200-1344) /
_cJosep Baucells i Reig.
260 _aBarcelona :
_bInstitución Milá y Fontanals, Departamento de Estudios Medievales,
_c2004.
300 _av. ;
_c24 cm.
490 1 _aAnuario de estudios medievales anejo
_v56
500 _aLa biblioteca posee el v. 1
710 0 2 _aInstitución Milá y Fontanals, Departamento de Estudios Medievales
_965435
830 0 _aAnuario de estudios medievales anejo
_v56
_964050
999 _c38716
_d38716